LEADER 01280nam2-2200397---450 001 990002949160203316 005 20220518084837.0 010 $a2-86958-046-0 035 $a000294916 035 $aUSA01000294916 035 $a(ALEPH)000294916USA01 035 $a000294916 100 $a20070625d1993----km-y0itay50------ba 101 $afre 102 $aFR 105 $aa---||||001yy 200 1 $a2. : <> front Ouest et ses magasins$fpar Jacques Raison 210 $aParis$cLibrairie orientaliste Paul Geuthner$d1993 215 $avolumi$cill.$d29 cm 225 2 $aÉtudes crétoises$v29 300 $aIn testa al frontespizio: École française d'Athènes 327 1 $a : 268 p. - : 1 volume di tavola 410 0$12001$aÉtudes crétoises$v29 454 1$12001 461 1$1001000294914$12001$a<> Palais du second millénaire à Knossos 606 0 $aScavi archeologici$yCnosso 676 $a939.18 700 1$aRAISON,$bJacques$0183509 801 0$aIT$bsalbc$gISBD 912 $a990002949160203316 951 $aXI.3.B. 404/2.1$b199750 L.M.$cXI.3.B.$d00160375 951 $aXI.3.B. 404/2.2$b199751 L.M.$cXI.3.B.$d00160376 959 $aBK 969 $aUMA 996 $aFront Ouest et ses magasins$91031593 997 $aUNISA LEADER 01111nam a2200301 i 4500 001 991001139629707536 005 20020507184001.0 008 981113s1975 us ||| | eng 020 $a0122063503 035 $ab10806337-39ule_inst 035 $aLE01307674$9ExL 040 $aDip.to Matematica$beng 082 0 $a519.4 084 $aAMS 65D30 100 1 $aDavis, Philip J$013883 245 10$aMethods of numerical integration /$cPhilip J. Davis, Philip Rabinowitz 260 $aNew York :$bAcademic Press,$c1975 300 $axii, 459 p. ;$c24 cm. 490 0 $aComputer science and applied mathematics 500 $aBibliography: p. 401-451 650 4$aNumerical integration 700 1 $aRabinowitz, Philip$eauthor$4http://id.loc.gov/vocabulary/relators/aut$013843 907 $a.b10806337$b23-02-17$c28-06-02 912 $a991001139629707536 945 $aLE013 65D DAV11 (1975)$g1$i2013000101156$lle013$o-$pE0.00$q-$rl$s- $t0$u1$v0$w1$x0$y.i10911042$z28-06-02 996 $aMethods of numerical integration$933837 997 $aUNISALENTO 998 $ale013$b01-01-98$cm$da $e-$feng$gus $h0$i1